| 000 | 01341cam a22002775a 4500 | ||
|---|---|---|---|
| 001 | 18193083 | ||
| 005 | 20160830114632.0 | ||
| 008 | 140619s2015 nyua frb f001 0 eng d | ||
| 020 | _a9781107641969 | ||
| 040 |
_aDLC _beng _cDLC _dDLC _dEG-ScBUE |
||
| 082 | 0 | 4 |
_a306.2 _222 _bBRE |
| 100 | 1 |
_aBretherton, Luke. _940967 |
|
| 245 | 1 | 0 |
_aResurrecting democracy : _bfaith, citizenship, and the politics of a common life / _cLuke Bretherton. |
| 260 |
_aNew York : _bCambridge University Press, _c2015. |
||
| 300 |
_axv, 474 p. : _bill. ; _c24 cm. |
||
| 490 | 0 | _aCambridge studies in social theory, religion and politics. | |
| 500 | _aIndex : p. 457-474. | ||
| 504 | _aBibliography : p. 425-456. | ||
| 505 | 0 | _aThe origins of organizing : an intellectual history -- Faith & citizenship in a world city -- Re-imagining the cecular : inter-faith relations as a civic practice -- An anatomy of organizing I : listening, analysis & building power -- An anatomy of organizing II : capacity, action & representation -- Civil society as the body politic -- Sovereignty and consociational democracy -- Economy, debt and citizenship. | |
| 650 | 7 |
_aCommunity organization _xPhilosophy. _2BUEsh _940968 |
|
| 650 | 7 |
_aCitizenship. _2BUEsh _940969 |
|
| 650 | 7 |
_aDemocracy. _2BUEsh _93166 |
|
| 651 | _2BUEsh | ||
| 653 |
_bBUSBOL _cAugust 2016 |
||
| 942 | _2ddc | ||
| 999 |
_c22279 _d22251 |
||